| 000 | 00681nam a22002537a 4500 | ||
|---|---|---|---|
| 008 | 130706b xxu||||| |||| 00| 0 eng d | ||
| 020 | _a81-219-0163-2 | ||
| 024 | _cAvailable | ||
| 037 | _cAvailable | ||
| 040 |
_aMBSTU LIBRARY _dMBSTU LIBRARY |
||
| 082 |
_222 _a539 thm |
||
| 100 | _aTheraja, B.L. | ||
| 245 | _aModern physics. | ||
| 250 | _a1st | ||
| 260 |
_aNew Delhi _bS.Chand and Company. _c1975 |
||
| 300 |
_a24 cm. _b326 page _f10 _g24 cm. |
||
| 600 | _2Modern physics. | ||
| 650 | _2Modern physics. | ||
| 700 | _aTheraja, B.L. | ||
| 270 |
_aNew Delhi _bNew Delhi _dIndia |
||
| 365 |
_b644.00 _d644.00 |
||
| 942 |
_2ddc _cBK |
||
| 999 |
_c564 _d564 |
||